|
|
|
|
| LEADER |
00806pam a22002418a 4500 |
| 001 |
00040606 |
| 005 |
20171213161251.0 |
| 008 |
170518s2010 ||||||engsd |
| 020 |
# |
# |
|a 9786045846667
|c 256000
|
| 041 |
0 |
# |
|a eng
|
| 082 |
1 |
4 |
|a 428
|b STR110F
|
| 100 |
1 |
# |
|a Hasumi, Toshiyuki
|
| 245 |
1 |
0 |
|a Strategies for success in the TOEFL ITP
|c Toshiyuki Hasumi
|b The best guidebook to achieve IBT90
|
| 260 |
# |
# |
|a TP. HCM
|b Tổng Hợp TP HCM, Công ty TNHH Nhân Trí Việt
|c 2016
|
| 300 |
# |
# |
|a 272 tr.
|c 26 cm.
|e 1 CD
|
| 653 |
# |
# |
|a Ngôn ngữ
|
| 653 |
# |
# |
|a TOEFL
|
| 653 |
# |
# |
|a Thành công
|
| 653 |
# |
# |
|a Tiếng Anh
|
| 653 |
# |
# |
|a Tự học
|
| 852 |
# |
# |
|j KGT.0053614
|j KD.0022952
|
| 910 |
|
|
|d 13/12/2017
|
| 980 |
# |
# |
|a Trung tâm Học liệu Lê Vũ Hùng, Trường Đại học Đồng Tháp
|